000 00518nam a2200181Ia 4500
999 _c3322
_d3322
003 OSt
005 20200814135224.0
008 190216s9999||||xx |||||||||||||| ||und||
020 _a8176255939
040 _coclc
082 _a547.2
_bDEL/O
100 _aDelvin, Samuel
_94138
245 0 _aOrganic Reagent And Name Reactions /
_cSamuel Delvin
260 _bSarup & Sons,
_aNew Delhi:
_c2005.
300 _a240p
650 _aChemistry-Chemistry
942 _cBK
_2ddc
_h547.2
_iDEL/O
_k547.2
_mDEL/O